000
00259nam a22001217a 4500
008
180813b xxu||||| |||| 00| 0 eng d
041
_a
eng
080
_2
7 ED
_a
004
100
_a
35
101
_a
SHK
245
_a
COGNITION
_c
RADVANSKY.G.A
942
_2
udc
_c
BK
999
_c
47055
_d
47055